000 00256 a2200097 4500
020 _a9789357327732
100 _aSanil P. Thomas
245 _aKalikalute ulpathy(കളികളുടെ ഉത്പത്തി)
260 _bD C books
_c2024
942 _cOO
999 _c115349
_d115348